Maya Kvaratskhelia
Notre Dame A
Categories
Fine Arts - Auditory Fine Arts | 2 | 2 | 1 | 0 | 45 | 52 | 82.25 | 2 | 4 |
Literature - European Literature | 1 | 2 | 0 | 1 | 35 | 83 | 108.00 | 0 | 3 |
Beliefs | 0 | 3 | 0 | 1 | 30 | 93 | 128.33 | 0 | 2 |
Literature - American Literature | 0 | 3 | 0 | 0 | 30 | 98 | 108.67 | 0 | 1 |
Other Arts: Auditory | 1 | 1 | 0 | 0 | 25 | 45 | 88.00 | 0 | 2 |
0 | 2 | 0 | 1 | 20 | 132 | 138.50 | 0 | 1 | |
Philosophy | 0 | 2 | 0 | 0 | 20 | 78 | 91.00 | 0 | 2 |
Science - Physics | 0 | 2 | 1 | 2 | 15 | 106 | 110.00 | 0 | 0 |
Fine Arts - Visual Fine Arts | 0 | 1 | 0 | 1 | 10 | 148 | 148.00 | 0 | 0 |
Religion | 0 | 1 | 0 | 0 | 10 | 106 | 106.00 | 0 | 1 |
Social Science | 0 | 1 | 0 | 0 | 10 | 77 | 77.00 | 1 | 1 |
Current Events | 0 | 1 | 0 | 0 | 10 | 78 | 78.00 | 0 | 1 |
Literature - British Literature | 0 | 1 | 1 | 0 | 5 | 90 | 90.00 | 0 | 1 |